Pass-through yield and value tables for GNMA mortgage-backed securities ; showing yields and values of pass-through pools of insured mortgages to maturity, and based on the most recent FHA mortgage mortality table, for both normal and deviant experience /

Bibliographic Details
Corporate Author: Financial Publishing Company
Format: Book
Language:English
Published: Boston, Mass. : The Company, [1979]
Edition:5th ed.
Series:Publication (Financial Publishing Company) ; no. 715.
Subjects:

MARC

Tag First Indicator Second Indicator Subfields
LEADER 00000cam a2200000 a 4500
001 in00000092048
005 20151008064133.0
008 800829s1979 mau s 00000 eng d
035 |a (OCoLC)06670049 
035 |9 AAK3603AM 
040 |a WSU  |c WSU  |d m.c.  |d TXA  |d UtOrBLW 
049 |a TXAM  |c [387621] 
090 |a HG4655  |b .P3 1979 
245 0 0 |a Pass-through yield and value tables for GNMA mortgage-backed securities ;  |b showing yields and values of pass-through pools of insured mortgages to maturity, and based on the most recent FHA mortgage mortality table, for both normal and deviant experience /  |c  computed by Financial Publishing Company. 
250 |a 5th ed. 
264 1 |a Boston, Mass. :  |b The Company,  |c [1979] 
264 4 |c ©1979 
300 |a xvii, 349 pages ;  |c 22 cm. 
336 |a text  |b txt  |2 rdacontent 
337 |a unmediated  |b n  |2 rdamedia 
338 |a volume  |b nc  |2 rdacarrier 
490 1 |a Publication ;  |v no. 715 
500 |a "Incorporate FHA Experience 1957 through 1977." 
650 0 |a Interest  |v Tables. 
650 0 |a Mortgages  |x Tables. 
710 2 |a Financial Publishing Company. 
830 0 |a Publication (Financial Publishing Company) ;  |v no. 715. 
999 |a MARS 
999 f f |s 91cd73e1-da9e-3343-8ec2-461083d04b86  |i fb1b5190-5673-3f31-96d2-9962d481b16e  |t 0 
952 f f |p ric  |a Texas A&M University  |b Rellis Campus  |c Joint Library Facility  |d Remote Storage  |t 0  |e HG4655 .P3 1979  |h Library of Congress classification  |i unmediated -- volume  |m A14806137852 
998 f f |a HG4655 .P3 1979  |t 0  |l Remote Storage